000 00475nmm a2200157Ia 4500
008 251105s9999||||xx |||||||||||||||||und||
020 _a9781558855045
041 _aspa
_aeng
100 _aCorpi, Lucha
245 4 _aThe triple banana split boy = El niño goloso
264 _a[Washington, Estados Unidos] :
_bArte Público Press,
_c2009
300 _a32 páginas
650 _aAges 6-8 Years Old
856 _uhttps://public.digitaliapublishing.com/a/23195
942 _cCF
999 _c74816
_d74816